000
00295nam a2200121Ia 4500
008
190216s9999||||xx |||||||||||||| ||und||
100
_a
Varanasi S Murthy
245
0
_a
Corporate Financial Management
260
_b
Tata Mcgrawhill Publishers
300
_a
333p
650
_a
Commerce
942
_c
BK
999
_c
4738
_d
4738